[Event "AUTO-ADV-4755"]
[Site "http://www.queenalice.com/game.php?id=1833294"]
[Date "2024.3.12"]
[Round "2"]
[White "maurice916"]
[Black "Tartenfou93"]
[Result "1-0"]
[WhiteElo "1865"]
[BlackElo "1923"]

1. Nf3 Nf6 2. b3 d5 3. Bb2 e6 4. e3 Nbd7 5. c4 c5 6. cxd5 exd5 7. d4 Ne4 8. Be2
Ndf6 9. O-O a6 10. Nbd2 Bf5 11. Rc1 b5 12. Nxe4 Bxe4 13. dxc5 Rc8 14. b4 Be7 15.
Nd4 O-O 16. f3 Bg6 17. Rc2 Bxc2 18. Qxc2 Ne8 19. Qc3 Bf6 20. Qd2 Nc7 21. Nc6 Qd7
22. Bxf6 Qxc6 23. Bd4 Rfe8 24. Bb2 Ne6 25. Qc3 f6 26. f4 Rcd8 27. Bg4 Nf8 28.
Rf3 Re4 29. Rh3 Rc4 30. Qd3 g6 31. Bd1 Rxb4 32. Bc3 Rc4 33. Bb3 Rxc5 34. Bb2 Ne6
35. Kf2 Ng7 36. Rf3 Nf5 37. e4 Ne7 38. e5 Qb6 39. Bd4 Nf5 40. Bxc5 Qxc5+ 41. Ke2
Nd4+ 42. Kd1 1-0

[Event "AUTO-ADV-4755"]
[Site "http://www.queenalice.com/game.php?id=1833295"]
[Date "2024.3.12"]
[Round "2"]
[White "Tartenfou93"]
[Black "Canaye14"]
[Result "1/2-1/2"]
[WhiteElo "1905"]
[BlackElo "1867"]

1. d4 e6 2. Bf4 d5 3. e3 c5 4. Nf3 Nc6 5. c3 Qb6 6. Qc2 Nf6 7. Nbd2 cxd4 8. exd4
Bd7 9. Bd3 Rc8 10. a3 Be7 11. O-O h6 12. Ne5 Nxd4 13. Qb1 Nb3 14. Nxb3 Qxb3 15.
Bc2 Qb5 16. a4 Qb6 17. h4 O-O 18. Be3 Qc7 19. f4 Be8 20. g4 Bd6 21. g5 hxg5 22.
hxg5 Nh5 23. Qd1 f6 24. gxf6 Rxf6 25. Qd3 Ng3 26. Qh7+ Kf8 27. Qh8+ Ke7 28.
Qxg7+ Bf7 29. Qxg3 Rg8 30. Qxg8 Bxg8 31. Kf2 Bxe5 32. Ke2 Bd6 33. f5 Qc4+ 34.
Bd3 Qg4+ 35. Kd2 Qh5 36. Rg1 Bh7 37. Rg7+ Rf7 38. Rag1 Bxf5 39. Be2 Qh4 40. Bg5+
Qxg5+ 41. R1xg5 Bf4+ 42. Ke1 Bxg5 43. Rxg5 Kf6 44. Rg2 Ke7 45. Rg8 e5 46. Bh5
Rh7 47. Be2 Rf7 48. Ra8 a6 49. Rb8 Kf6 50. Bh5 Rh7 51. Rf8+ Kg5 52. Be2 e4 53.
Kd2 Bd7 54. b3 Bc6 55. Rg8+ Kh4 56. Rg1 Rf7 57. Ke3 Rf5 58. Rh1+ Kg3 59. Rg1+
Kh2 60. Rd1 Kg2 61. Rd2 Kg3 62. Rd1 Rf2 63. Rg1+ Rg2 1/2-1/2

[Event "AUTO-ADV-4755"]
[Site "http://www.queenalice.com/game.php?id=1833296"]
[Date "2024.3.12"]
[Round "2"]
[White "Canaye14"]
[Black "Tartenfou93"]
[Result "0-1"]
[WhiteElo "1917"]
[BlackElo "1964"]

1. d4 d5 2. c4 e5 3. cxd5 Qxd5 4. Nc3 Bb4 5. e3 Nc6 6. Bd2 Bxc3 7. bxc3 Nf6 8.
Be2 Qxg2 9. Bf3 Qg5 10. e4 Qh4 11. Qc2 Bg4 12. d5 Nb8 13. Rb1 Bxf3 14. Nxf3 Qg4
15. Qa4+ Nbd7 16. Nxe5 Qg2 17. Ke2 Qxe4+ 18. Qxe4 Nxe4 19. Nxd7 Kxd7 20. Rxb7
Rhe8 21. Rb5 Nxc3+ 0-1

[Event "AUTO-INT-3769"]
[Site "http://www.queenalice.com/game.php?id=1846326"]
[Date "2024.10.27"]
[Round "2"]
[White "Tartenfou93"]
[Black "jcharro1979"]
[Result "0-1"]
[WhiteElo "1823"]
[BlackElo "2457"]

1. d4 d5 2. Nf3 e6 3. Bf4 Nf6 4. e3 c5 5. c3 Nc6 6. Bd3 Qb6 7. dxc5 Qxb2 8. Nbd2
Qxc3 9. Bc2 Bxc5 10. O-O e5 11. Bg3 e4 12. Ne1 Bg4 13. Qb1 Qxd2 14. Qxb7 Rc8 15.
Ba4 Bd7 16. Nc2 O-O 17. Rfd1 Qa5 18. Qb5 Qxb5 19. Bxb5 Ne7 20. a4 Rfe8 21. Bh4
Bxb5 22. axb5 Bb6 23. Nd4 h6 24. Bxf6 gxf6 25. Ne2 Rc2 26. Ng3 Rb2 27. Nh5 Rd8
28. Nxf6+ Kg7 29. Nh5+ Kg6 30. Nf4+ Kf5 31. h3 d4 32. g4+ Ke5 33. Rab1 dxe3 34.
fxe3 Rxd1+ 35. Rxd1 Bxe3+ 0-1

[Event "AUTO-INT-3769"]
[Site "http://www.queenalice.com/game.php?id=1846327"]
[Date "2024.10.27"]
[Round "2"]
[White "jcharro1979"]
[Black "Tartenfou93"]
[Result "1-0"]
[WhiteElo "2456"]
[BlackElo "1825"]

1. e4 c6 2. d4 d5 3. e5 c5 4. Nf3 Bg4 5. Bb5+ Nc6 6. dxc5 Qa5+ 7. Nc3 e6 8. O-O
Bxc5 9. a3 Qb6 10. b4 Be7 11. Be3 Qc7 12. Bd4 Nh6 13. h3 Bh5 14. g4 Bg6 15. Qd2
O-O 16. Ne2 Be4 17. Bxc6 Bxf3 18. Ba4 f5 19. Nf4 Qc8 20. Qc3 fxg4 21. Qxc8 Raxc8
22. Nxe6 Rf5 23. Be3 gxh3 24. Nd4 Rf7 25. Bd7 h2+ 26. Kxh2 Ng4+ 27. Kg3 Bh4+ 28.
Kxh4 Rxd7 29. Nxf3 Nxe3 30. fxe3 Rxc2 31. Nd4 Rc3 32. e6 Re7 33. Rac1 Rxc1 34.
Rxc1 h6 35. Rc5 1-0

[Event "Challenge"]
[Site "http://www.queenalice.com/game.php?id=1849109"]
[Date "2024.12.21"]
[Round "-"]
[White "Tartenfou93"]
[Black "okiwiz"]
[Result "1-0"]
[WhiteElo "1900"]
[BlackElo "1797"]

1. d4 e6 2. Bf4 d5 3. Nf3 Bd6 4. Bg3 f5 5. e3 Qe7 6. Bd3 Nd7 7. Nc3 a6 8. Ne5
Ngf6 9. f4 O-O 10. Bh4 c5 11. O-O c4 12. Be2 Qe8 13. g4 fxg4 14. Bxg4 Nxg4 15.
Qxg4 Nf6 16. Qg5 Qh5 17. Kh1 Qxg5 18. Bxg5 b5 19. Ne2 Ne4 20. Bh4 Bb7 21. a4 Nd2
22. Rf2 Ne4 23. Rg2 Ra7 24. Rag1 Bc8 25. Nc6 Rc7 26. Nd8 Kh8 27. axb5 axb5 28.
Ng3 Be7 29. Bxe7 Rxe7 30. Nc6 Ref7 31. Nxe4 Bd7 32. Ne5 dxe4 33. Nxf7+ Rxf7 34.
Ra1 h6 35. Ra7 Kg8 36. Rg6 Kh7 37. Rg1 Kg8 38. Rga1 Kh7 39. Rc7 Kg6 40. Raa7 Be8
41. Rxf7 Bxf7 42. h4 Be8 43. Re7 Bf7 44. Rb7 Be8 45. Kg2 Kf6 46. Kg3 g6 47. Rc7
h5 48. Rc5 Bd7 49. d5 exd5 50. Rxd5 Ke6 51. Re5+ Kf6 52. Rxe4 Kf7 53. Re5 Kf6
54. Rc5 Ke6 55. e4 Ke7 56. Kf3 Kd6 57. Rg5 Be8 58. Ke3 Ke6 59. Kd4 Kd6 60. Rd5+
Ke6 61. Kc5 Kf6 62. Rd6+ Ke7 63. e5 Kf7 64. Kd5 Ke7 65. Rb6 Kd7 66. Rxb5 Bf7+
67. Ke4 Kc6 68. Ra5 Kb6 69. Rd5 Bxd5+ 70. Kxd5 Kc7 71. Kxc4 Kc6 72. b4 Kc7 73.
Kd5 Kd7 74. b5 Kd8 75. Kd6 Ke8 76. b6 Kd8 77. b7 g5 78. fxg5 Ke8 79. b8=Q+ Kf7
80. Qd8 Kg6 81. Qf6+ Kh7 82. g6+ Kh6 83. g7+ Kh7 84. Qf7 Kh6 85. g8=N# 1-0

[Event "BB King"]
[Site "http://www.queenalice.com/game.php?id=1849630"]
[Date "2024.12.31"]
[Round "-"]
[White "Tartenfou93"]
[Black "bobifixer"]
[Result "0-1"]
[WhiteElo "1878"]
[BlackElo "1981"]

1. d4 Nf6 2. Nf3 d5 3. Bf4 g6 4. Nc3 c6 5. Qd2 Bg7 6. Ne5 Nbd7 7. Bh6 O-O 8.
Bxg7 Kxg7 9. f3 Nxe5 10. dxe5 Nd7 11. f4 e6 12. O-O-O Qa5 13. Kb1 b5 14. e4 Qc7
15. h4 h5 16. Be2 a5 17. g4 hxg4 18. Bxg4 Rh8 19. h5 Ba6 20. h6+ Kh7 21. f5 exf5
22. exf5 Nxe5 23. fxg6+ fxg6 24. Rdg1 Nxg4 25. Rxg4 Bc8 26. Rgh4 Bf5 27. Qd4
Rhg8 28. a4 bxa4 29. Nxa4 Rae8 30. Nc5 Qe5 31. Qa4 Rb8 32. b3 Qc3 33. Qd4 Bxc2+
34. Ka2 Bxb3+ 35. Nxb3 Qxb3+ 0-1

[Event "AUTO-ADV-4848"]
[Site "http://www.queenalice.com/game.php?id=1852486"]
[Date "2025.2.20"]
[Round "1"]
[White "Tartenfou93"]
[Black "marcoswerneck"]
[Result "1-0"]
[WhiteElo "1884"]
[BlackElo "1894"]

1. d4 d5 2. Bf4 e6 3. Nf3 h6 4. Nc3 a6 5. e4 Bd7 6. e5 Nc6 7. a3 g5 8. Be3 f5 9.
exf6 Qxf6 10. h3 O-O-O 11. Qd2 Bd6 12. O-O-O e5 13. dxe5 Bxe5 14. Nxe5 Qxe5 15.
f4 Qf5 16. g4 Qe6 17. f5 Qe5 18. Bg2 Nf6 19. Bd4 Nxd4 20. Qxd4 Qxd4 21. Rxd4 Bc6
22. Rhd1 Rd7 23. Nxd5 Bxd5 24. Bxd5 Rhd8 25. Be6 c5 26. Rxd7 Nxd7 27. Bxd7+ Rxd7
28. Rxd7 Kxd7 29. Kd2 b5 30. Kd3 Kd6 31. Ke4 a5 32. b3 b4 33. a4 c4 34. bxc4 Ke7
35. Ke5 Kd7 36. f6 1-0

[Event "AUTO-ADV-4848"]
[Site "http://www.queenalice.com/game.php?id=1852487"]
[Date "2025.2.20"]
[Round "1"]
[White "marcoswerneck"]
[Black "Tartenfou93"]
[Result "0-1"]
[WhiteElo "1912"]
[BlackElo "1866"]

1. e4 c6 2. d3 d5 3. e5 d4 4. h3 c5 5. Nf3 Nc6 6. a3 Qc7 7. Bf4 e6 8. Qd2 Nge7
9. Be2 b5 10. b3 Ng6 11. Bg3 Ngxe5 12. Nxe5 Nxe5 13. O-O Bd6 14. Qd1 O-O 15. Nd2
f5 16. Bf4 Bb7 17. Bf3 Bxf3 18. Nxf3 Nxf3+ 19. Qxf3 Bxf4 20. g3 Bh6 21. Rae1 e5
22. Qd5+ Kh8 23. Rxe5 f4 24. Qxc5 Qxc5 25. Rxc5 a6 26. g4 Rac8 27. Rd5 Rxc2 28.
Rxd4 f3 29. h4 g5 30. Rd6 Bg7 31. hxg5 Rf4 32. Rxa6 Rxg4+ 33. Kh1 Be5 34. Ra8+
Kg7 35. Rb8 Bxb8 0-1

[Event "AUTO-OPEN-4577"]
[Site "http://www.queenalice.com/game.php?id=1852525"]
[Date "2025.2.20"]
[Round "1"]
[White "Pin"]
[Black "Tartenfou93"]
[Result "1/2-1/2"]
[WhiteElo "2133"]
[BlackElo "1912"]

1. d4 Nf6 2. c4 e6 3. Nf3 d5 4. e3 Nbd7 5. c5 c6 6. Bd3 b6 7. cxb6 axb6 8. O-O
Bd6 9. Bd2 O-O 10. Nc3 Re8 11. a3 e5 12. dxe5 Nxe5 13. Nxe5 Bxe5 14. Rc1 Bc7 15.
Ne2 Bg4 16. Qc2 Qd6 17. Ng3 Rad8 18. Qxc6 Qxc6 19. Rxc6 Re7 20. Rfc1 Bxg3 21.
hxg3 Ne4 22. Bxe4 dxe4 23. Bb4 Rb7 24. Kf1 h5 25. R6c2 Rbd7 26. Be1 Be6 27. Kg1
b5 28. g4 hxg4 29. g3 Bc4 30. Ba5 Rd1+ 31. Kh2 R8d6 32. Rxd1 Rxd1 33. Rd2 Rxd2
1/2-1/2